| 000 | 00943nam a2200301 i 4500 | ||
|---|---|---|---|
| 001 | bg | ||
| 003 | BPK | ||
| 005 | 20201207102711.0 | ||
| 008 | 970510s1995 pl a f f |000 0 pol | ||
| 015 | _aPB 1995/10004 | ||
| 020 | _a8301117079 | ||
| 040 |
_aWA N _cBPK |
||
| 080 | _a005.2 | ||
| 080 | _a339.138 | ||
| 080 | _a(07) | ||
| 100 | 1 |
_aSznajder, Andrzej _eAutor |
|
| 245 | 1 | 0 |
_aStrategie marketingowe na rynku międzynarodowym / _cAndrzej Sznajder. |
| 250 | _aWyd. 2 zm. | ||
| 260 |
_aWarszawa : _bWydaw. Naukowe PWN, _c1995. |
||
| 300 |
_a171, [1] s. : _b1 rys., wykr. ; _c21 cm. |
||
| 504 | _aBibliogr. s. 169-[172]. | ||
| 650 | 4 |
_aDecyzje _xgospodarka. |
|
| 655 | 4 | _aPodręcznik | |
| 650 | 4 | _aMarketing międzynarodowy | |
| 710 | 2 |
_aWydawnictwo Naukowe PWN _4pbl. |
|
| 856 |
_uhttp://koha.tu.koszalin.pl/cgi-bin/koha/opac-detail.pl?biblionumber=24579 _yKatalog online BPK |
||
| 942 |
_2UKD _cKS |
||
| 999 |
_c24579 _d24579 |
||